| 000 | 01076nam a2200121Ia 4500 | ||
|---|---|---|---|
| 008 | 220615s9999||||xx |||||||||||||| ||und|| | ||
| 100 | _aGonzález-Siso, MarÃa-Isabel | ||
| 245 | 0 | _aThermophiles and Thermozymes | |
| 546 | _aEnglish[eng] | ||
| 650 | _an/a||biotechnology||enzyme structure||thermophile||thermophily||cellulases||enzyme activity||Algeria||Candida rugosa||thermophilic||RNA modification||Thermus||tRNA modification||transposons||mobilome||hot spring||evolvability||molecular tunnels||insertion sequence||Vallitalea guaymasensis||HGT||tRNA methyltransferase||metagenomics||methylation||Thermostable||interfacial activation||lipase||ethanol||xylanase||archaea||protease||transposases||thermophiles||whole-genome sequence||lignocellulosic biomass||thermophilic proteins||temperature||Geobacillus||enzyme thermostability||dimerization||inhibition||pseudouridine||Brevibacillus sp. OA30||protein stability||structure||protein engineering||hydrothermal vent||kinetic||characterization||syntrophy | ||
| 856 | _uhttps://mdpi.com/books/pdfview/book/1259 | ||
| 942 | _cEB | ||
| 999 |
_c13592 _d13592 |
||